[Event "20. Open d'escacs de Sants 2018"]
[Site "Barcelona ESP"]
[Date "2018.08.20"]
[Round "4.37"]
[White "STURT, Raven"]
[Black "GONZALEZ RODRIGUEZ, Jorge A."]
[Result "1/2-1/2"]
[WhiteElo "2437"]
[BlackElo "2250"]
[PlyCount "84"]
[EventDate "2018.08.17"]
[EventType "swiss"]
[EventRounds "10"]
[EventCountry "ESP"]
[SourceTitle "Ajedrez en Madrid"]
[Source "lmi"]
[SourceDate "2018.08.17"]
[SourceVersion "1"]
[SourceVersionDate "2019.07.10"]
[SourceQuality "1"]

1. d4 Nf6 2. Nf3 b6 3. Bf4 Bb7 4. e3 c5 5. Nbd2 cxd4 6. exd4 e6 7. Bd3 Be7 8.
O-O O-O 9. h3 d6 10. Qe2 Nbd7 11. c3 Re8 12. Rfe1 Bf8 13. Nc4 Qc7 14. a4 a6 15.
Bh2 Qc6 16. Qf1 h6 17. Re3 Nd5 18. Re2 N7f6 19. Ree1 Qd7 20. Bc2 Rab8 21. Qd3
g6 22. Nfd2 b5 23. axb5 axb5 24. Na5 Ba8 25. Qf1 h5 26. f4 Bh6 27. Qf2 Ne7 28.
Nf3 Bd5 29. Bd3 Qc7 30. Rec1 Be4 31. Be2 Bd5 32. Qf1 Qd7 33. b3 Nf5 34. Qd1 h4
35. c4 bxc4 36. bxc4 Ba8 37. Ra3 Rec8 38. Ng5 Qa7 39. c5 dxc5 40. Nc4 Qe7 41.
Ne5 Bd5 42. Rca1 Ne4 1/2-1/2

[Event "20. Open d'escacs de Sants 2018"]
[Site "Barcelona ESP"]
[Date "2018.08.21"]
[Round "5.1"]
[White "DEMCHENKO, Anton"]
[Black "QUESADA PEREZ, Yasser"]
[Result "1-0"]
[WhiteElo "2670"]
[BlackElo "2534"]
[PlyCount "219"]
[EventDate "2018.08.17"]
[EventType "swiss"]
[EventRounds "10"]
[EventCountry "ESP"]
[SourceTitle "Ajedrez en Madrid"]
[Source "lmi"]
[SourceDate "2018.08.17"]
[SourceVersion "1"]
[SourceVersionDate "2019.07.10"]
[SourceQuality "1"]

1. e4 c5 2. Nf3 e6 3. g3 Nc6 4. Bg2 Nf6 5. Qe2 d6 6. O-O Be7 7. c3 e5 8. Na3
O-O 9. d3 Re8 10. Nc4 Bf8 11. Bg5 h6 12. Bxf6 Qxf6 13. Ne3 Qd8 14. Nd2 Be6 15.
f4 exf4 16. gxf4 f5 17. Qf2 Qd7 18. Qg3 Ne7 19. Nf3 fxe4 20. dxe4 Bf7 21. Rad1
Qe6 22. f5 Qxe4 23. Ng4 Nxf5 24. Nf6+ Kh8 25. Nxe4 Nxg3 26. Nxg3 Bxa2 27. Nh4
Bb3 28. Rd2 Rad8 29. Bxb7 Re6 30. Be4 Kg8 31. Ng6 Be7 32. Nxe7+ Rxe7 33. Bd5+
Bxd5 34. Rxd5 Rb8 35. Rd2 d5 36. Rf5 Re1+ 37. Kg2 Rb1 38. Rff2 a5 39. Nf5 Rb7
40. Ne3 d4 41. cxd4 cxd4 42. Nc4 Ra1 43. Rxd4 Ra4 44. Rd8+ Kh7 45. Rc8 Rb5 46.
Kf3 Ra1 47. Rg2 Re1 48. Ne3 Rb3 49. Rc3 Rb7 50. Rf2 a4 51. Kg2 Rb5 52. Nf5 Ree5
53. Ne3 Re7 54. Kf1 Reb7 55. Rc4 Rxb2 56. Rxa4 R2b5 57. Kg2 Re5 58. Nf5 Rbb5
59. Ng3 Rb7 60. Re4 Ra5 61. Rfe2 Rbb5 62. Re7 Rg5 63. Rf2 Ra3 64. Ref7 Rb3 65.
R7f5 Rg6 66. Kh3 Ra3 67. Re5 Ra4 68. Rfe2 Rb6 69. Re7 Ra5 70. R2e4 Ra2 71. Rg4
Rg6 72. Rxg6 Kxg6 73. Re6+ Kg5 74. Re5+ Kf6 75. Rb5 Kg6 76. Ne4 Re2 77. Rb6+
Kf7 78. Ng3 Rf2 79. Nh1 Re2 80. Kg3 h5 81. Nf2 Re3+ 82. Kf4 Re2 83. Kf3 Ra2 84.
h4 Ra1 85. Ne4 Rh1 86. Ng5+ Ke7 87. Re6+ Kf8 88. Re4 g6 89. Rf4+ Kg8 90. Ke4
Re1+ 91. Kd5 Re2 92. Ne6 Re1 93. Kd6 Rg1 94. Ke5 Kh7 95. Kf6 Kh6 96. Ke5 Re1+
97. Re4 Rf1 98. Ng5 Rf2 99. Rf4 Re2+ 100. Kd4 Kg7 101. Rf7+ Kg8 102. Ra7 Rh2
103. Nf3 Rg2 104. Ke5 Rg4 105. Rd7 Kf8 106. Ng5 Kg8 107. Rd4 Rxd4 108. Kxd4 Kg7
109. Ke5 Kh6 110. Ne6 1-0

[Event "20. Open d'escacs de Sants 2018"]
[Site "Barcelona ESP"]
[Date "2018.08.21"]
[Round "5.2"]
[White "NISIPEANU, Liviu-Dieter"]
[Black "SVIRIDOV, Valery"]
[Result "1/2-1/2"]
[WhiteElo "2657"]
[BlackElo "2528"]
[PlyCount "73"]
[EventDate "2018.08.17"]
[EventType "swiss"]
[EventRounds "10"]
[EventCountry "ESP"]
[SourceTitle "Ajedrez en Madrid"]
[Source "lmi"]
[SourceDate "2018.08.17"]
[SourceVersion "1"]
[SourceVersionDate "2019.07.10"]
[SourceQuality "1"]

1. c4 Nf6 2. Nc3 e5 3. Nf3 Nc6 4. d3 d5 5. cxd5 Nxd5 6. e3 Be7 7. Be2 O-O 8.
O-O Be6 9. Nxd5 Bxd5 10. b3 f5 11. Bb2 Bf6 12. Nd2 Qd7 13. Rc1 Rad8 14. a3 a5
15. Qc2 Qf7 16. Qc5 Qg6 17. e4 fxe4 18. Nxe4 Be7 19. Qc2 Nd4 20. Bxd4 exd4 21.
a4 c6 22. Qd1 Kh8 23. Bf3 Bb4 24. Rb1 Qf5 25. Bg4 Qe5 26. Bf3 Qf4 27. Be2 Bxe4
28. dxe4 Qxe4 29. Bd3 Qh4 30. Rb2 Rd6 31. g3 Qh3 32. Re2 Rh6 33. f4 Re6 34.
Rxe6 Qxe6 35. Rf2 Re8 36. Re2 Qd7 37. Rxe8+ 1/2-1/2

[Event "20. Open d'escacs de Sants 2018"]
[Site "Barcelona ESP"]
[Date "2018.08.21"]
[Round "5.3"]
[White "CUARTAS, Jaime Alexander"]
[Black "ESIPENKO, Andrey"]
[Result "1/2-1/2"]
[WhiteElo "2499"]
[BlackElo "2589"]
[PlyCount "104"]
[EventDate "2018.08.17"]
[EventType "swiss"]
[EventRounds "10"]
[EventCountry "ESP"]
[SourceTitle "Ajedrez en Madrid"]
[Source "lmi"]
[SourceDate "2018.08.17"]
[SourceVersion "1"]
[SourceVersionDate "2019.07.10"]
[SourceQuality "1"]

1. d4 Nf6 2. c4 e6 3. Nc3 Bb4 4. Nf3 b6 5. Bg5 Bb7 6. g3 Bxc3+ 7. bxc3 d6 8.
Bg2 Nbd7 9. O-O h6 10. Bxf6 Nxf6 11. Nd2 Bxg2 12. Kxg2 c5 13. e3 O-O 14. Qf3
Qc7 15. a4 Rab8 16. Rfb1 Rfc8 17. Rb2 cxd4 18. cxd4 d5 19. cxd5 Nxd5 20. e4 Nf6
21. e5 Nd5 22. Ne4 Qd7 23. a5 b5 24. Nc5 Qc6 25. Rc1 b4 26. h4 Qb5 27. a6 Rc6
28. Qb3 Rbc8 29. Rcc2 R8c7 30. Kh2 Rb6 31. Qf3 Qc6 32. Qd3 Qb5 33. Qf3 Rbc6 34.
Qb3 Rc8 35. Kg2 Rb6 36. Qf3 Rbb8 37. Kh2 Rc6 38. Kg2 Ne7 39. Rc1 Rd8 40. Qe4
Rd5 41. Rcb1 Rb6 42. Rxb4 Qxb4 43. Rxb4 Rxb4 44. Qc2 Rd8 45. Nb7 Rc8 46. Qd2
Nd5 47. Nc5 Rc6 48. Qd3 Rc8 49. Qd2 Rc7 50. Qd1 Rc6 51. Qd3 Rc8 52. Qd2 Rc6
1/2-1/2

[Event "20. Open d'escacs de Sants 2018"]
[Site "Barcelona ESP"]
[Date "2018.08.21"]
[Round "5.4"]
[White "PULVETT MARIN, Daniel Eduardo"]
[Black "GLEDURA, Benjamin"]
[Result "0-1"]
[WhiteElo "2465"]
[BlackElo "2626"]
[PlyCount "109"]
[EventDate "2018.08.17"]
[EventType "swiss"]
[EventRounds "10"]
[EventCountry "ESP"]
[SourceTitle "Ajedrez en Madrid"]
[Source "lmi"]
[SourceDate "2018.08.17"]
[SourceVersion "1"]
[SourceVersionDate "2019.07.10"]
[SourceQuality "1"]

1. d4 Nf6 2. c4 g6 3. Nc3 d5 4. Nf3 Bg7 5. h4 c6 6. cxd5 cxd5 7. Bf4 Nc6 8. e3
O-O 9. Ne5 Qb6 10. Qb3 Bf5 11. Qxb6 axb6 12. f3 Rfc8 13. g4 Be6 14. h5 Ne8 15.
hxg6 hxg6 16. Be2 Nd6 17. Kf2 b5 18. Nd3 b4 19. Nd1 Nc4 20. b3 Ra5 21. Rb1 Nb6
22. Nc1 Bd7 23. Nb2 e5 24. dxe5 Nxe5 25. Nbd3 Nxd3+ 26. Nxd3 Bc3 27. Nc1 d4 28.
e4 g5 29. Bd6 Rc6 30. e5 Nc8 31. Rh6 Kg7 32. Bd3 Nxd6 33. Rxd6 Rxd6 34. exd6
Kf6 35. Bc4 b5 36. Bd5 Ra6 37. Bb7 Rxd6 38. Nd3 Rb6 39. Nc5 Bc6 40. Bc8 Ke7 41.
Rh1 Bd5 42. Bf5 Rc6 43. Nd3 Ra6 44. Nc1 Bd2 45. Bb1 Rf6 46. Bf5 Be6 47. Be4
Bxc1 48. Rxc1 Bxg4 49. Rd1 Rf4 50. Re1 Kd6 51. Kg3 Bf5 52. Bxf5 Rxf5 53. Re8
Rd5 54. Rd8+ Ke6 55. Re8+ 0-1

[Event "20. Open d'escacs de Sants 2018"]
[Site "Barcelona ESP"]
[Date "2018.08.21"]
[Round "5.5"]
[White "NEEF, Maximilian"]
[Black "PETROV, Nikita"]
[Result "1/2-1/2"]
[WhiteElo "2463"]
[BlackElo "2591"]
[PlyCount "88"]
[EventDate "2018.08.17"]
[EventType "swiss"]
[EventRounds "10"]
[EventCountry "ESP"]
[SourceTitle "Ajedrez en Madrid"]
[Source "lmi"]
[SourceDate "2018.08.17"]
[SourceVersion "1"]
[SourceVersionDate "2019.07.10"]
[SourceQuality "1"]

1. Nf3 d5 2. g3 g6 3. c4 dxc4 4. Qa4+ Nc6 5. Bg2 Bg7 6. O-O Nh6 7. Qxc4 Nf5 8.
d3 O-O 9. Nc3 a5 10. Qa4 Bd7 11. Bd2 h6 12. Rac1 e5 13. Rfe1 Ncd4 14. Qd1 Bc6
15. Nxd4 exd4 16. Ne4 Bd5 17. a3 b6 18. b4 axb4 19. axb4 Ne7 20. Bf4 Ra7 21.
Qc2 Qa8 22. f3 f5 23. Nf2 g5 24. Bd2 c6 25. Qd1 Ra2 26. Ra1 Qa3 27. Rxa2 Qxa2
28. Qc1 Ng6 29. Nd1 f4 30. Nf2 Kh7 31. Bh3 Be5 32. Kg2 Qa7 33. Ne4 Qc7 34. Rh1
Qe7 35. Bg4 Kg7 36. Bh5 Bb8 37. Bxg6 Kxg6 38. g4 h5 39. gxh5+ Kxh5 40. Qg1 Qg7
41. Kf1 Be6 42. Qg2 Rg8 43. Rg1 Be5 44. Nf2 Qd7 1/2-1/2

[Event "20. Open d'escacs de Sants 2018"]
[Site "Barcelona ESP"]
[Date "2018.08.21"]
[Round "5.7"]
[White "BELLIA, Fabrizio"]
[Black "CRUZ, Cristhian"]
[Result "0-1"]
[WhiteElo "2440"]
[BlackElo "2571"]
[PlyCount "62"]
[EventDate "2018.08.17"]
[EventType "swiss"]
[EventRounds "10"]
[EventCountry "ESP"]
[SourceTitle "Ajedrez en Madrid"]
[Source "lmi"]
[SourceDate "2018.08.17"]
[SourceVersion "1"]
[SourceVersionDate "2019.07.10"]
[SourceQuality "1"]

1. e4 c5 2. Nf3 e6 3. d4 cxd4 4. Nxd4 Nf6 5. Nc3 d6 6. Be2 Be7 7. O-O O-O 8. f4
Nc6 9. Be3 a6 10. a4 Qc7 11. Qd2 Nxd4 12. Bxd4 e5 13. Be3 exf4 14. Bxf4 Be6 15.
Kh1 Rac8 16. a5 Nd7 17. Be3 Bf6 18. Bd4 Bxd4 19. Qxd4 Ne5 20. Rfd1 Rfd8 21. Kg1
Nc6 22. Qb6 Qxb6+ 23. axb6 Ne5 24. Rd2 Rc6 25. Ra5 Rdc8 26. Na4 Rxc2 27. Rxc2
Rxc2 28. Bxa6 Nc6 29. Rd5 Bxd5 30. exd5 Nb4 31. Bxb7 Nd3 0-1

[Event "20. Open d'escacs de Sants 2018"]
[Site "Barcelona ESP"]
[Date "2018.08.21"]
[Round "5.8"]
[White "MOUSSARD, Jules"]
[Black "OLIVA CASTANEDA, Kevel"]
[Result "1-0"]
[WhiteElo "2566"]
[BlackElo "2479"]
[PlyCount "103"]
[EventDate "2018.08.17"]
[EventType "swiss"]
[EventRounds "10"]
[EventCountry "ESP"]
[SourceTitle "Ajedrez en Madrid"]
[Source "lmi"]
[SourceDate "2018.08.17"]
[SourceVersion "1"]
[SourceVersionDate "2019.07.10"]
[SourceQuality "1"]

1. e4 c5 2. Nf3 d6 3. d4 cxd4 4. Nxd4 Nf6 5. Nc3 a6 6. Be2 e5 7. Nf3 Be7 8. Bg5
Be6 9. Bxf6 Bxf6 10. O-O O-O 11. Nd5 Bxd5 12. Qxd5 Qc7 13. Nd2 Nc6 14. c3 Rad8
15. Rfd1 Ne7 16. Qb3 Bg5 17. a4 Qc6 18. Bf3 b5 19. axb5 axb5 20. Nb1 Rb8 21.
Na3 Qb6 22. Nc2 Nc6 23. Nb4 Nxb4 24. Qxb4 Bh4 25. g3 Be7 26. Bg4 Qb7 27. Rd5
Qc7 28. Ra5 g6 29. Raxb5 f5 30. exf5 gxf5 31. Bxf5 Rxb5 32. Qg4+ Kh8 33. Rxb5
Qc6 34. Rb8 Rxb8 35. Qh5 Kg7 36. Qxh7+ Kf8 37. Be6 Ke8 38. Qg8+ Bf8 39. Qf7+
Kd8 40. Qxf8+ Kc7 41. Qf7+ Kb6 42. Bd5 Qc5 43. h4 Ka6 44. Bc4+ Kb6 45. b4 Qc8
46. Qd5 Kc7 47. Kg2 Qg4 48. Qa5+ Kc8 49. Bd5 Qd7 50. c4 Qe7 51. b5 e4 52. Qe1
1-0

[Event "20. Open d'escacs de Sants 2018"]
[Site "Barcelona ESP"]
[Date "2018.08.21"]
[Round "5.9"]
[White "BUSCARA, Sevan"]
[Black "MARTINEZ ALCANTARA, Jose Eduardo"]
[Result "1/2-1/2"]
[WhiteElo "2432"]
[BlackElo "2561"]
[PlyCount "181"]
[EventDate "2018.08.17"]
[EventType "swiss"]
[EventRounds "10"]
[EventCountry "ESP"]
[SourceTitle "Ajedrez en Madrid"]
[Source "lmi"]
[SourceDate "2018.08.17"]
[SourceVersion "1"]
[SourceVersionDate "2019.07.10"]
[SourceQuality "1"]

1. e4 c5 2. Nf3 d6 3. d4 Nf6 4. Nc3 cxd4 5. Nxd4 a6 6. Be2 e5 7. Nb3 Be7 8. Be3
O-O 9. O-O Be6 10. Nd5 Nxd5 11. exd5 Bf5 12. Qd2 Qc7 13. c4 a5 14. f4 exf4 15.
Bxf4 Bg6 16. Nd4 Na6 17. Nb5 Qd8 18. Bd3 Qb6+ 19. Kh1 Rfe8 20. Be3 Nc5 21. Bxg6
hxg6 22. Qf2 Bf6 23. Bxc5 dxc5 24. Rae1 Rf8 25. a4 Qd8 26. b3 Rc8 27. Qf4 Qd7
28. Qd6 Qxd6 29. Nxd6 Rb8 30. g3 Rfd8 31. Nb5 Rd7 32. Kg2 Be7 33. Rf3 Rbd8 34.
Rfe3 Kf8 35. Kf3 Rb8 36. h4 Rbd8 37. Rh1 Kg8 38. Re2 Bd6 39. h5 gxh5 40. Rxh5
g6 41. Rh4 Be7 42. Rhe4 Kf8 43. Rh2 Kg7 44. Re1 Bd6 45. Reh1 Be5 46. Rh7+ Kg8
47. R7h4 Bf6 48. Re4 Be7 49. g4 Kg7 50. Rhe1 Bh4 51. R1e2 Rh8 52. Re8 Rh6 53.
Rh2 g5 54. Rhe2 Rf6+ 55. Kg2 b6 56. Nc3 Kg6 57. Nd1 Rf4 58. R8e4 f5 59. Re6+
Kg7 60. gxf5 Rxf5 61. Rxb6 Rdf7 62. d6 Rf3 63. Re7 g4 64. Rxf7+ Kxf7 65. Rb7+
Ke6 66. Rh7 Rg3+ 67. Kf1 Rh3 68. Rh6+ Kd7 69. Kg2 Kc6 70. Re6 Rxb3 71. Ne3 Kd7
72. Re4 Bf6 73. Nd5 Bd4 74. Rxg4 Kxd6 75. Rg6+ Ke5 76. Ra6 Rb2+ 77. Kf3 Rf2+
78. Kg3 Rc2 79. Nb6 Ke4 80. Rxa5 Be5+ 81. Kg4 Rg2+ 82. Kh3 Kf3 83. Kh4 Bf4 84.
Kh5 Rh2+ 85. Kg6 Rh6+ 86. Kf5 Bc7 87. Ra6 Rxb6 88. Rxb6 Bxb6 89. Ke5 Ba5 90.
Kd5 Bb4 91. a5 1/2-1/2

[Event "20. Open d'escacs de Sants 2018"]
[Site "Barcelona ESP"]
[Date "2018.08.21"]
[Round "5.11"]
[White "CRUZ, Jonathan"]
[Black "VOLKOV, Sergey"]
[Result "0-1"]
[WhiteElo "2420"]
[BlackElo "2557"]
[PlyCount "66"]
[EventDate "2018.08.17"]
[EventType "swiss"]
[EventRounds "10"]
[EventCountry "ESP"]
[SourceTitle "Ajedrez en Madrid"]
[Source "lmi"]
[SourceDate "2018.08.17"]
[SourceVersion "1"]
[SourceVersionDate "2019.07.10"]
[SourceQuality "1"]

1. e4 e6 2. d4 d5 3. Nd2 Nf6 4. e5 Nfd7 5. Bd3 c5 6. c3 Nc6 7. Ne2 cxd4 8. cxd4
f6 9. exf6 Nxf6 10. O-O Bd6 11. Nf3 O-O 12. Bf4 Bxf4 13. Nxf4 Ng4 14. Qd2 Qf6
15. Ne2 e5 16. dxe5 Ngxe5 17. Nxe5 Nxe5 18. Rae1 Be6 19. Nd4 Bf7 20. Be2 Rac8
21. Bf3 Nxf3+ 22. Nxf3 d4 23. Ne5 Rfd8 24. Nxf7 Qxf7 25. b3 d3 26. Rd1 Qd5 27.
Rfe1 Rc2 28. Qe3 d2 29. Re2 Rdc8 30. Qf3 Qd7 31. Re4 Rc1 32. Rc4 R8xc4 33. bxc4
Qe6 0-1

[Event "20. Open d'escacs de Sants 2018"]
[Site "Barcelona ESP"]
[Date "2018.08.21"]
[Round "5.13"]
[White "MORONI, Luca Jr"]
[Black "YANKELEVICH, Lev"]
[Result "1-0"]
[WhiteElo "2547"]
[BlackElo "2420"]
[PlyCount "135"]
[EventDate "2018.08.17"]
[EventType "swiss"]
[EventRounds "10"]
[EventCountry "ESP"]
[SourceTitle "Ajedrez en Madrid"]
[Source "lmi"]
[SourceDate "2018.08.17"]
[SourceVersion "1"]
[SourceVersionDate "2019.07.10"]
[SourceQuality "1"]

1. c4 e5 2. Nc3 Nf6 3. Nf3 Nc6 4. e3 g6 5. b3 Bg7 6. Bb2 O-O 7. d4 d6 8. Be2
Ng4 9. dxe5 Ngxe5 10. O-O f5 11. Qd2 Be6 12. Rad1 h6 13. Rfe1 Kh7 14. Qc1 Qf6
15. Nd4 Nxd4 16. exd4 Nf7 17. Nb5 c6 18. Nc7 Rac8 19. Nxe6 Qxe6 20. d5 Qd7 21.
dxc6 bxc6 22. Bxg7 Kxg7 23. Qc3+ Kh7 24. h4 h5 25. Bf3 Rfe8 26. Rxe8 Rxe8 27.
Qf6 c5 28. a3 Qe7 29. Qxe7 Rxe7 30. b4 Ne5 31. Bd5 Nd7 32. Bc6 Ne5 33. Bb5 cxb4
34. axb4 Rc7 35. Rd4 Nf7 36. Be8 Kg7 37. b5 Ne5 38. Rxd6 Rxc4 39. f3 Rc7 40.
Re6 Nf7 41. Kf2 f4 42. Ke2 Rc2+ 43. Kd3 Rxg2 44. Re7 Kf8 45. Rxf7+ Kxe8 46.
Rxa7 Rb2 47. Kc4 Kd8 48. Rf7 Rg2 49. Rxf4 g5 50. Rf8+ Kc7 51. Rf7+ Kb6 52. Rf6+
Kb7 53. Rg6 g4 54. fxg4 hxg4 55. Kc5 Rc2+ 56. Kd6 Rg2 57. Ke5 Rh2 58. Rxg4 Kb6
59. Kf6 Kxb5 60. Kg6 Kc5 61. h5 Kd6 62. h6 Ke7 63. h7 Kf8 64. Rg5 Rh1 65. Rf5+
Ke7 66. Rh5 Rg1+ 67. Kh6 Kf7 68. h8=Q 1-0

[Event "20. Open d'escacs de Sants 2018"]
[Site "Barcelona ESP"]
[Date "2018.08.21"]
[Round "5.14"]
[White "SARDANA, Rishi"]
[Black "VETOSHKO, Volodymyr"]
[Result "1/2-1/2"]
[WhiteElo "2407"]
[BlackElo "2525"]
[PlyCount "79"]
[EventDate "2018.08.17"]
[EventType "swiss"]
[EventRounds "10"]
[EventCountry "ESP"]
[SourceTitle "Ajedrez en Madrid"]
[Source "lmi"]
[SourceDate "2018.08.17"]
[SourceVersion "1"]
[SourceVersionDate "2019.07.10"]
[SourceQuality "1"]

1. e4 c5 2. Nf3 Nc6 3. Bb5 d6 4. O-O Bd7 5. Re1 Nf6 6. c3 a6 7. Bc4 Bg4 8. d4
cxd4 9. cxd4 g6 10. Qb3 d5 11. Bxd5 Nxd5 12. exd5 Na5 13. Qa3 e6 14. Qe3 Bb4
15. Nc3 Bxc3 16. bxc3 Qxd5 17. Ne5 h5 18. f3 Bf5 19. g4 hxg4 20. fxg4 f6 21.
gxf5 gxf5 22. Qf3 fxe5 23. Qxd5 exd5 24. Rxe5+ Kf7 25. Rxd5 Rag8+ 26. Kh1 Nc4
27. Rxf5+ Ke6 28. Rc5 Rc8 29. Rxc8 Rxc8 30. Bf4 Kf5 31. Rf1 Ke4 32. Bg5 Nd6 33.
Bf4 Nb5 34. Be5 Rxc3 35. Rf4+ Kd5 36. h4 Rd3 37. Kg2 Nxd4 38. Bxd4 Rxd4 39.
Rxd4+ Kxd4 40. Kf3 1/2-1/2

[Event "20. Open d'escacs de Sants 2018"]
[Site "Barcelona ESP"]
[Date "2018.08.21"]
[Round "5.15"]
[White "ANURAG, Mhamal"]
[Black "RUIZ CASTILLO, Joshua Daniel"]
[Result "1/2-1/2"]
[WhiteElo "2484"]
[BlackElo "2415"]
[PlyCount "106"]
[EventDate "2018.08.17"]
[EventType "swiss"]
[EventRounds "10"]
[EventCountry "ESP"]
[SourceTitle "Ajedrez en Madrid"]
[Source "lmi"]
[SourceDate "2018.08.17"]
[SourceVersion "1"]
[SourceVersionDate "2019.07.10"]
[SourceQuality "1"]

1. d4 Nf6 2. c4 e6 3. g3 d5 4. Nf3 Bb4+ 5. Bd2 Bd6 6. Nc3 O-O 7. Qc2 Nbd7 8.
cxd5 exd5 9. Nb5 Ne4 10. Nxd6 cxd6 11. Bg2 Ndf6 12. O-O Qb6 13. Bf4 h6 14. Qb3
Qxb3 15. axb3 g5 16. Bc1 Bd7 17. Ne1 Nh7 18. f3 Nef6 19. Bd2 Bb5 20. Nd3 Rfe8
21. Rfe1 b6 22. Kf2 a5 23. b4 a4 24. Ra3 Nf8 25. g4 Ne6 26. e3 Rac8 27. Rc1
Bxd3 28. Rxd3 Rxc1 29. Bxc1 Rc8 30. Bd2 Rc2 31. Ke2 Rxb2 32. Ra3 b5 33. Bf1 Nd7
34. Kd1 Rb1+ 35. Bc1 Rxb4 36. Kc2 Nb6 37. Bd2 Rb3 38. Rxb3 axb3+ 39. Kxb3 Nc4
40. Bc1 Kf8 41. Kb4 Nc7 42. e4 Ke7 43. Bxc4 bxc4 44. exd5 Nxd5+ 45. Kxc4 Ke6
46. Bd2 Nf6 47. h3 Nd5 48. Bc1 Nb6+ 49. Kb5 Nc8 50. f4 f6 51. Kc4 Nb6+ 52. Kb5
Nc8 53. Kc4 Nb6+ 1/2-1/2

[Event "20. Open d'escacs de Sants 2018"]
[Site "Barcelona ESP"]
[Date "2018.08.21"]
[Round "5.16"]
[White "KULKARNI, Rakesh"]
[Black "SWIERCZ, Dariusz"]
[Result "1/2-1/2"]
[WhiteElo "2363"]
[BlackElo "2669"]
[PlyCount "102"]
[EventDate "2018.08.17"]
[EventType "swiss"]
[EventRounds "10"]
[EventCountry "ESP"]
[SourceTitle "Ajedrez en Madrid"]
[Source "lmi"]
[SourceDate "2018.08.17"]
[SourceVersion "1"]
[SourceVersionDate "2019.07.10"]
[SourceQuality "1"]

1. e4 c5 2. c3 d5 3. exd5 Qxd5 4. d4 Nf6 5. Nf3 e6 6. Na3 a6 7. Nc4 Nbd7 8. Be2
b5 9. Ne3 Qc6 10. O-O Bb7 11. a4 Be7 12. axb5 axb5 13. Rxa8+ Bxa8 14. dxc5 Qxc5
15. Nc2 O-O 16. Be3 Qc7 17. Nfd4 Qb7 18. Bf3 Nd5 19. Bf4 Qb6 20. Bg3 Rd8 21.
Qd3 b4 22. cxb4 Bxb4 23. Nxb4 Nxb4 24. Qc3 Nc5 25. Bxa8 Rxa8 26. Bc7 Qxc7 27.
Qxb4 Nd3 28. Qb5 Nf4 29. Qc6 Qxc6 30. Nxc6 Ra6 31. Rd1 f6 32. Nd8 Rb6 33. g3
Ng6 34. Rd7 h5 35. b4 Ne5 36. Re7 Nf3+ 37. Kg2 Nd4 38. Rb7 Rd6 39. Rb8 Kh7 40.
b5 Nxb5 41. Nxe6 Rxe6 42. Rxb5 g5 43. h4 Kg6 44. hxg5 fxg5 45. f4 gxf4 46. gxf4
Re3 47. Rg5+ Kh6 48. Rg3 Rxg3+ 49. Kxg3 Kg6 50. Kh4 Kf5 51. Kxh5 Kxf4 1/2-1/2

[Event "20. Open d'escacs de Sants 2018"]
[Site "Barcelona ESP"]
[Date "2018.08.21"]
[Round "5.17"]
[White "ILLESCAS CORDOBA, Miguel"]
[Black "MINGARRO CARCELLER, Sergi"]
[Result "1-0"]
[WhiteElo "2605"]
[BlackElo "2363"]
[PlyCount "123"]
[EventDate "2018.08.17"]
[EventType "swiss"]
[EventRounds "10"]
[EventCountry "ESP"]
[SourceTitle "Ajedrez en Madrid"]
[Source "lmi"]
[SourceDate "2018.08.17"]
[SourceVersion "1"]
[SourceVersionDate "2019.07.10"]
[SourceQuality "1"]

1. d4 d5 2. Nf3 Nf6 3. c4 e6 4. Nc3 Bb4 5. Bg5 dxc4 6. e4 b5 7. a4 c5 8. axb5
cxd4 9. Nxd4 h6 10. Be3 Nxe4 11. Qa4 Bxc3+ 12. bxc3 Nxc3 13. Qa3 Nd5 14. Bxc4
Bb7 15. O-O Qe7 16. Bxd5 Bxd5 17. Rfc1 Qxa3 18. Rxa3 Nd7 19. Rc7 Ne5 20. b6 a6
21. Bf4 Nc4 22. b7 Rd8 23. Rxc4 Bxc4 24. Rc3 Bd5 25. b8=Q Rxb8 26. Bxb8 O-O 27.
Bc7 Ra8 28. Rc5 Ra7 29. h3 Rb7 30. Bf4 f6 31. Rc8+ Kh7 32. Bd2 Rb2 33. Rc2 Rb1+
34. Kh2 Kg6 35. Rc7 Rb2 36. Be3 Ra2 37. Nc6 Be4 38. Ne7+ Kh7 39. Rc4 Bd3 40.
Rd4 Bb5 41. Rd6 Bc4 42. Rc6 Bb3 43. Rc3 Ba4 44. Rc7 Bb3 45. Rb7 Bc4 46. Nc8 Bd3
47. Rd7 Be4 48. Ra7 Bd3 49. Nd6 Bg6 50. Nb7 Bd3 51. g4 Ra1 52. Bd4 Ra2 53. Nd6
Bg6 54. Be3 Ra5 55. h4 h5 56. g5 fxg5 57. hxg5 Ra4 58. Re7 Rh4+ 59. Kg3 Rg4+
60. Kf3 a5 61. Ne8 Bc2 62. Nf6+ 1-0

[Event "20. Open d'escacs de Sants 2018"]
[Site "Barcelona ESP"]
[Date "2018.08.21"]
[Round "5.18"]
[White "SVETUSHKIN, Dmitry"]
[Black "SOUMYA, Swaminathan"]
[Result "1-0"]
[WhiteElo "2580"]
[BlackElo "2361"]
[PlyCount "68"]
[EventDate "2018.08.17"]
[EventType "swiss"]
[EventRounds "10"]
[EventCountry "ESP"]
[SourceTitle "Ajedrez en Madrid"]
[Source "lmi"]
[SourceDate "2018.08.17"]
[SourceVersion "1"]
[SourceVersionDate "2019.07.10"]
[SourceQuality "1"]

1. e4 g6 2. d4 Bg7 3. c3 d6 4. Nf3 Nf6 5. Bd3 O-O 6. O-O Nc6 7. Re1 e5 8. h3
Re8 9. Na3 h6 10. Nc2 Kh7 11. a4 Nh5 12. b4 Qf6 13. b5 Ne7 14. Ne3 Nf4 15. Ng4
Bxg4 16. hxg4 g5 17. Bc4 Rad8 18. g3 Ne6 19. Be3 c5 20. dxc5 dxc5 21. Qe2 b6
22. Nh2 Nc7 23. Nf1 Rh8 24. Bc1 Nc8 25. Ne3 Nd6 26. Bb3 Kg6 27. Bc2 Rhe8 28.
Kg2 Kh7 29. Kh1 Kg8 30. Nf5 Nxf5 31. gxf5 Rd7 32. Bb3 Red8 33. Bc4 Kf8 34. Bb3
Ne8 1-0

[Event "20. Open d'escacs de Sants 2018"]
[Site "Barcelona ESP"]
[Date "2018.08.21"]
[Round "5.19"]
[White "GRAFL, Florian"]
[Black "GUERRA MENDEZ, Jose Angel"]
[Result "0-1"]
[WhiteElo "2360"]
[BlackElo "2550"]
[PlyCount "46"]
[EventDate "2018.08.17"]
[EventType "swiss"]
[EventRounds "10"]
[EventCountry "ESP"]
[SourceTitle "Ajedrez en Madrid"]
[Source "lmi"]
[SourceDate "2018.08.17"]
[SourceVersion "1"]
[SourceVersionDate "2019.07.10"]
[SourceQuality "1"]

1. d4 Nf6 2. Nc3 d5 3. Bf4 g6 4. Qd2 Bg7 5. Bh6 O-O 6. Bxg7 Kxg7 7. O-O-O Nc6
8. f3 a6 9. g4 b5 10. g5 Nh5 11. e4 e5 12. dxe5 dxe4 13. Qe3 Qe7 14. f4 Be6 15.
Nge2 Rad8 16. Bg2 Na5 17. Qxe4 b4 18. Nd5 Qc5 19. c3 b3 20. a3 Nc4 21. Nf6 Bf5
22. Nxh5+ gxh5 23. Qf3 Qxa3 0-1

[Event "20. Open d'escacs de Sants 2018"]
[Site "Barcelona ESP"]
[Date "2018.08.21"]
[Round "5.20"]
[White "ZANAN, Evgeny"]
[Black "GARCIA RAMOS, Daniel"]
[Result "1-0"]
[WhiteElo "2512"]
[BlackElo "2359"]
[PlyCount "95"]
[EventDate "2018.08.17"]
[EventType "swiss"]
[EventRounds "10"]
[EventCountry "ESP"]
[SourceTitle "Ajedrez en Madrid"]
[Source "lmi"]
[SourceDate "2018.08.17"]
[SourceVersion "1"]
[SourceVersionDate "2019.07.10"]
[SourceQuality "1"]

1. d4 Nf6 2. c4 e6 3. Nc3 Bb4 4. Qc2 O-O 5. e4 d5 6. e5 Ne4 7. Bd3 c5 8. Nge2
cxd4 9. Nxd4 Nd7 10. Bf4 Ndc5 11. O-O Bxc3 12. bxc3 Nxd3 13. Qxd3 f5 14. Rfd1
dxc4 15. Qxc4 Qd5 16. Qb4 a5 17. Qb2 Qc5 18. Rac1 g5 19. Be3 Qxe5 20. Nf3 Qg7
21. Bd4 Qe7 22. Ne5 Ra6 23. f3 Nf6 24. c4 Rd6 25. c5 Rd5 26. Nc4 e5 27. Nxe5
Be6 28. Nc4 Rxc5 29. Bxc5 Qxc5+ 30. Qf2 Rc8 31. Qxc5 Rxc5 32. Nb6 Rxc1 33. Rxc1
Bxa2 34. Ra1 Be6 35. Rxa5 Ne8 36. Kf2 Kf7 37. Ke3 Ke7 38. Kd4 Nd6 39. Ra8 h6
40. Nd5+ Kf7 41. Kc5 Nc8 42. Rb8 Bxd5 43. Kxd5 Ne7+ 44. Kd6 Ng6 45. Rxb7+ Kf6
46. Rh7 Nf4 47. g3 Kg6 48. Rxh6+ 1-0